00485nam a22001577a 450000500170000000800410001708200170005824500420007525000090011726000480012630000110017470000330018594200060021895200940022499900090031820231114052306.0231114b |||||||| |||| 00| 0 eng d 222a305bWOM aWomen in post- independence Srilanka a1st. aNew delhi :bVijitha yapa publicationc2002 a371 p. aJayawardhana, Swarana.eedt cL 001040708LaWERCLbWERCLcHGCd2023-11-14l0o305 WOMp4589r2023-11-14w2023-11-14yL c8d8